Statistiques concernant PERSONNAGE STAR WARS

Cliquez ici pour prendre le quiz!

Statistiques générales

  • Ce quiz a été pris 33 fois
  • Le résultat moyen est 18 sur 79

Statistiques - réponses

nombre personnage à trouver % Correct
10Luke Skywalker
97%
4Anakin Skywalker / Dark Vador
97%
7Yoda
90%
5R2-D2
90%
17BB-8
79%
43Han Solo
79%
18Rey
79%
2Obi-Wan Kenobi
79%
6C-3PO
79%
27Chewbacca
69%
11Leia Organa / Princesse Leia
66%
12L'empreur Palpatine / Dark Sidous
66%
44Mace Windu
66%
46Dark Maul
66%
3Padmé Amidala
62%
24Kylo Ren
62%
19Finn
62%
50Jar Jar Binks
45%
13Lando Calrissian
45%
1Qui-Gon Jin
41%
20Poe Dameron
41%
35Jabba Le Hutt
38%
45Comte Dooku
34%
38Boba Fett
31%
39Jango Fett
28%
16Ewok
24%
8Général Grievous
24%
40Rose
21%
25Stormtrooper
17%
21Amiral Ackbar
14%
54Maz Kanata
14%
65Greedo
14%
48Grand Moff Tarkin
10%
78Bib Fortuna
10%
41Suprême Leader Snoke
7%
22Capitaine Phasma
7%
37Pillard Tusken
3%
71IG-88
3%
36Jawa
3%
30Jannah
3%
29Zorii
3%
28D-O
3%
75Logray
3%
23BB-9E
3%
55Jyn
3%
52Wampa
3%
66Rontos
0%
67QI'RA
0%
68Enfys Nest
0%
69Moloch
0%
70Droideka
0%
73Droide de combat
0%
722-1B
0%
64Pao
0%
74Droide-Sonde Imperiale
0%
76Bantha
0%
77TaunTaun
0%
9Clone Trooper
0%
79Rancor
0%
14Chasseur de primes
0%
59Bodhi
0%
63Bistan
0%
49Imperial Royal Guard
0%
34Snowtrooper
0%
32Chevalier de Ren
0%
31Soldat Sith
0%
42Porg
0%
26Garde Prétorien
0%
47Paice
0%
51Aalya Secura
0%
62Death Trooper
0%
53Sebula
0%
15Wedge Antilles
0%
56K-2S0
0%
57Chirrut
0%
58Baze
0%
60Cassian
0%
61Krennic
0%
80Max Rebo
0%

Distribution des résultats

Percentile par nombre de réponses

% des personnes avec chaque résultat

Votre développement - résultats

Vous n’avez pas pris ce quiz